Distributed Systems Concepts and Design (Record no. 609617)

000 -LEADER
fixed length control field 00430nam a22001577a 4500
020 ## - INTERNATIONAL STANDARD BOOK NUMBER
International Standard Book Number 0321263545
040 ## - CATALOGING SOURCE
Transcribing agency NUST
082 ## - DEWEY DECIMAL CLASSIFICATION NUMBER
Classification number 004.36
Author Mark COU
100 ## - MAIN ENTRY--PERSONAL NAME
Personal name George Coulouris ,Jean Dollimore
9 (RLIN) 123418
110 ## - MAIN ENTRY--CORPORATE NAME
Corporate name or jurisdiction name as entry element TimKindberg
9 (RLIN) 123419
245 ## - TITLE STATEMENT
Title Distributed Systems Concepts and Design
250 ## - EDITION STATEMENT
Edition statement Fourth Edition
260 ## - PUBLICATION, DISTRIBUTION, ETC.
Place of publication, distribution, etc. England:
Name of publisher, distributor, etc. Addison Wesley,
Date of publication, distribution, etc. 2005.
650 ## - SUBJECT ADDED ENTRY--TOPICAL TERM
Topical term or geographic name entry element Distributed Systems
9 (RLIN) 95489
942 ## - ADDED ENTRY ELEMENTS (KOHA)
Source of classification or shelving scheme
Koha item type Book
Holdings
Withdrawn status Lost status Source of classification or shelving scheme Damaged status Not for loan Permanent Location Current Location Shelving location Date acquired Total Checkouts Full call number Barcode Date last seen Price effective from Koha item type
          College of Electrical & Mechanical Engineering (CEME) College of Electrical & Mechanical Engineering (CEME) General Stacks 06/10/2024   004.36 COU CEME- 43215 06/10/2024 06/10/2024 Book
© 2023 Central Library, National University of Sciences and Technology. All Rights Reserved.